000
00363nam a2200157Ia 4500
005
20250423101728.0
008
250422s9999 xx 000 0 und d
020
_a
978- 1- 59784- 260- 0
050
_a
BP253. Z8B33513
100
_a
Ramazan Balci
245
0
_a
Wonders of the age
260
_b
Tughra books
260
_c
2011
300
_a
244 p
942
_c
BK
999
_c
37104
_d
37104